000 00833nam a22002057a 4500
005 20260108150110.0
010 _aHIN-130748
020 _c175.00
_a9789367933787
035 _aHN-103094
037 _bDBAD
082 _a821
_21
100 _aकुम्भज, राजकुमार
_986245
245 _aअन्य नहीं कुछ भी/
_cराजकुमार कुम्भज
250 _a1
260 _bप्रभाकर प्रकाशन
_c2024
_aदिल्ली
270 _bदिल्ली
_aप्लाट न.-55, मेन मदर डेरी रोड, पांडव नगर ईस्ट
_e110092
_k011-40395855
_k8368220032
300 _a130पृ.
_c20सेमी (अजिल्द)
700 _986235
942 _2ddc
_cHN
_h821
_mकुम्भज
999 _c214043
_d214043